Postacie w Paladins (wrzesień 2023) - Statystyki

Ogólne statystyki
  • Ten quiz został rozwiązany 62 razy
    14 od ostatniego zresetowania
  • Średni wynik to 46 z 59
Statystyki odpowiedzi
Klasa Imie % Poprawnych
Obrońca Ash
100%
Obrońca Atlas
100%
Napastnik Kinessa
100%
Napastnik Strix
100%
Napastnik Viktor/Wiktor
100%
Wsparcie Ying
100%
Skrzydłowy Androxus
92%
Obrońca Barik
92%
Napastnik Drogoz
92%
Skrzydłowy Evie
92%
Wsparcie Furia
92%
Wsparcie Jenos
92%
Wsparcie Mal'Damba
92%
Obrońca Raum
92%
Wsparcie Seris
92%
Skrzydłowy Zhin
92%
Obrońca Azaan
83%
Napastnik Bomb King/Bombowy Król
83%
Obrońca Fernando
83%
Wsparcie Grover
83%
Obrońca Khan
83%
Skrzydłowy Koga
83%
Skrzydłowy Lex
83%
Napastnik Lian
83%
Skrzydłowy Maeve
83%
Obrońca Makoa
83%
Wsparcie Pip
83%
Napastnik Sha Lin
83%
Skrzydłowy Talus
83%
Napastnik Tyra
83%
Skrzydłowy Vatu
83%
Skrzydłowy Buck
75%
Napastnik Dredge
75%
Wsparcie Grohk
75%
Wsparcie Io
75%
Obrońca Ruckus
75%
Obrońca Terminus
75%
Napastnik Tiberius/Tyberiusz
75%
Obrońca Torvald
75%
Skrzydłowy VII
75%
Skrzydłowy Vora
75%
Napastnik Willo
75%
Obrońca Yagorath
75%
Napastnik Betty La Bomba
67%
Skrzydłowy Caspian
67%
Napastnik Imani
67%
Obrońca Inara
67%
Skrzydłowy Moji
67%
Obrońca Nyx/Nyks
67%
Napastnik Octavia
67%
Napastnik Omen
67%
Napastnik Cassie
58%
Wsparcie Corvus
58%
Wsparcie Lilith
58%
Wsparcie Rei
58%
Napastnik Vivian
58%
Napastnik Saati
50%
Skrzydłowy Skye
50%
Napastnik Kasumi
42%
Nie znaleziono quizów pasujących do podanych kryteriów
Rozkład punktacji
Procent ludzi z każdym wynikiem
Percentyl według liczby udzielonych odpowiedzi
Twoja historia wyników
Nie rozwiązałeś tego quizu od ostatniego zresetowania